|
|
|
|
| LEADER |
01827nam a2200397 a 4500 |
| 001 |
18495 |
| 003 |
BD-DhAAL |
| 005 |
20250312121130.0 |
| 008 |
090720s2001 paua b 001 0 eng d |
| 010 |
|
|
|a 2001020616
|
| 020 |
|
|
|a 0721690793 (pbk. : alk. paper)
|
| 040 |
|
|
|a DNLM/DLC
|c DLC
|d DLC
|d BD-DhAAL
|
| 082 |
0 |
0 |
|a 614.4
|2 21
|
| 100 |
1 |
|
|a Jekel, James F.
|9 44132
|
| 245 |
1 |
0 |
|a Epidemiology, biostatistics, and preventive medicine /
|c James F. Jekel, David L. Katz, Joann G. Elmore.
|
| 250 |
|
|
|a Second edition.
|
| 260 |
|
|
|a Philadelphia :
|b W.B. Saunders,
|c c2001.
|
| 300 |
|
|
|a ix, 417 pages :
|b ill. (some col.) ;
|c 28 cm.
|
| 500 |
|
|
|a Merger of: Epidemiology, biostatistics, and preventive medicine and Epidemiology, biostatistics, and preventive medicine review.
|
| 504 |
|
|
|a Includes bibliographical references and index.
|
| 526 |
|
|
|x Salim khan
Sr. program Associate
James P. Grant School.
Course name and no. N/A
|
| 541 |
1 |
|
|a A H Development publishing house
|e 00018495
|
| 650 |
|
0 |
|a Epidemiology.
|9 44133
|
| 650 |
|
0 |
|a Medical statistics.
|9 44134
|
| 650 |
|
0 |
|a Medicine, Preventive.
|9 44135
|
| 650 |
1 |
2 |
|a Biometry.
|9 44136
|
| 650 |
1 |
2 |
|a Epidemiologic Methods.
|9 44137
|
| 650 |
2 |
2 |
|a Preventive Medicine.
|9 44138
|
| 650 |
2 |
2 |
|a Pharmacy.
|9 44139
|
| 700 |
1 |
|
|a Katz, David L.,
|c MD.
|9 44140
|
| 700 |
1 |
|
|a Elmore, Joann G.
|9 44141
|
| 700 |
1 |
|
|a Katz, David L.,
|c MD.
|t Epidemiology, biostatistics, and preventive medicine.
|9 44142
|
| 852 |
4 |
|
|a School of Public Health
|j General Stacks
|
| 942 |
|
|
|2 ddc
|c BK
|
| 999 |
|
|
|c 2571
|d 2571
|
| 952 |
|
|
|0 0
|1 0
|2 ddc
|4 0
|6 614_400000000000000_JEK
|7 0
|9 2342
|a JPGSPH
|b JPGSPH
|d 2009-04-29
|e A H Development Publishing House.
|g 3360.00
|l 0
|o 614.4 JEK
|p 3060018495
|r 2009-07-21
|t 1
|w 2009-07-21
|y BK
|x Requisitioned by Salim khan, Sr. program Associate, James P. Grant School. Course name and no. N/A
|